All 50k+ cities in Maryland on a map - Statistics

General Stats
  • This quiz has been taken 435 times
  • The average score is 9 of 19
Answers on the Map
Answers color-coded by a green-red scale on the quiz's map according to % correct below.
 
Answer Stats
Hint Answer % Correct
576,498 Baltimore
99%
79,588 Frederick
75%
69,101 Gaithersburg
66%
69,000 Bethesda
64%
82,200 Silver Spring
63%
67,139 Rockville
62%
105,000 Columbia
58%
91,900 Germantown
53%
57,644 Bowie
48%
77,200 Ellicott City
41%
60,100 Towson
41%
73,500 Glen Burnie
35%
83,100 Waldorf
34%
68,300 Dundalk
31%
50,900 North Bethesda
27%
52,600 Wheaton
26%
58,700 Severn
16%
51,400 Aspen Hill
15%
58,200 Bel Air South
14%
No matching quizzes found
Score Distribution
Percent of People with Each Score
Percentile by Number Answered
Your Score History
You have not taken this quiz